1986 1667 1682 1193 1617 1324 1641 1840 1479 1507 1321 1016 1277 1716 1200 1185 1437 1313 1861 1486 1504 1017 1404 1748 1104 1555 1662 1755 1916 1088 1964 1302 1126 1520 1121 1465 1817 1771 1340 1103 1773 1871 1229 1374 1095 1260 1737 1459 1178 1851 1985 1925 1798 1021 1213 1583 1783 1420 1079 1155 1258 1233 1980 1858 1672 1457 1023 1458 1076 1961 1604 1275 1998 1398 1490 1250 1970 1743 1176 1106 1309 1505 1945 1154 1442 1310 1658 1433 1281 1731 1384 1519 1466 1302 1863 1491 1971 1504 1960 BCNSPRNW ULIB Ver.6.0+V

เปลี่ยนเป็นภาษาไทย

Change to English
 แสดงรายละเอียดบรรณานุกรม
  กลับหน้าหลัก

Brief Record : Get Marc (ISO 2709) : E-mail record : QR code < ปิดหน้าต่าง
LEADER : 00000nam 2200000uu 4500
001    13399113513
003     ULIB
008    110627s2550||||th 000 0 tha d
020    9789749450017
090    นว.^bA111ซ ล.1 2550
100 0  Angie Sage
245 00 เซ็ปติมัส ฮีป ปาฏิหาริย์หมายเลขเจ็ด 1 ทายาทราชินี/^cAngie Sage
250    พิมพ์ครั้งที่ 2
260    กรุงเทพฯ :^bนานมีบุ๊คส์,^c2550
300    528 หน้า
710 1  นานมีบุ๊คส์
945    ^p298^l0^i022068
995    ทศพร
999 ^a ใช้งานได้ทุกระบบ
รายการนี้ยังไม่มีแท็ก
คุณยังไม่ได้ล็อกอิน คุณสามารถมีกิจกรรมร่วมกับเว็บไซต์ได้ แต่ต้องล็อกอินก่อน ::
  ล็อกอิน

รายการสื่อสารสนเทศ

ลำดับที่ ประเภท เลขเรียก/บาร์โค้ด สถานที่ สถานะ
1. นวนิยาย
นวนิยาย
นว. A111ซ ล.1 2550 ฉ.1 
  Barcode: 022068
ห้องสมุดวิทยาเขตสวรรค์ประชารักษ์
►นวนิยาย
บนชั้น
  ขอยืม

รายการใกล้เคียง
    ผู้แต่ง [Angie Sage]

BibComment


ยังไม่เคยถูกคอมเมนท์

คอมเมนท์ทรัพยากรรายการนี้
  คอมเมนท์: เซ็ปติมัส ฮีป ปาฏ..


 Copyright 2026. Bcnsprnw @Library